[Event "New York State-ch 138th"]
[Site "Colonie"]
[Date "2016.09.03"]
[Round "2"]
[White "Craig, Peter A"]
[Black "Geiger, Alan E"]
[Result "1-0"]
[WhiteElo "1810"]
[BlackElo "1862"]
[PlyCount "29"]
[EventDate "2016.09.02"]
[EventType "swiss"]
[EventRounds "6"]
[EventCountry "USA"]
[SourceTitle "CBM 174 Extra"]
[Source "ChessBase"]
[SourceDate "2016.10.10"]
[SourceVersion "1"]
[SourceVersionDate "2016.10.10"]
[SourceQuality "1"]

1. e4 c5 2. Nf3 e6 3. d4 cxd4 4. Nxd4 a6 5. Be2 b5 6. 0-0 Bb7 7. Bf3 Qc7 8. Nc3 d6 9. Bg5 Be7 10. Bxe7 Nxe7 11. Ndxb5 axb5 12. Nxb5 Qb6 13. Nxd6+ Kf8 14. Nxb7 Qxb7 15. Qd8# 1-0